00423ntaaa2200169 45000030003000000050017000030080021000200400037000410820017000782450026000952500010001212600045001313000017001766500022001936500016002157000022002310120251027202331.00714s1973 ag 01  aAR-BaBNbspacAR-BaBNeaacrdRIC a292.0000 G76 aHellenistic religions a1 ed. aNew York : bLiberal Arts Press, cc1953 axxxix, 196 p areligión griega asincretismo aGrant, Frederick